Dvojvýberový t-test s rovnosťou rozptylov

Riešenie zadania, v ktorom sa má porovnať skóre v intuícii mužov a žien. Výsledky dvojvýberového t-testu s rovnosťou rozptylov.

Na minha lista:
Detalhes bibliográficos
Autor principal: Hanák, Róbert, 1979-
Formato: Capítulo de Livro
Idioma:eslovaco
Assuntos:
Tags: Adicionar Tag
Sem tags, seja o primeiro a adicionar uma tag!

MARC

LEADER 00000nla a2200000 4500
001 0229638
005 20240502073759.0
041 0 |a slo 
044 |a SK 
245 1 0 |a Dvojvýberový t-test s rovnosťou rozptylov  |c Róbert Hanák 
520 |a Riešenie zadania, v ktorom sa má porovnať skóre v intuícii mužov a žien. Výsledky dvojvýberového t-testu s rovnosťou rozptylov. 
610 2 0 |a štatistika 
610 2 0 |a hypotézy štatistické 
610 2 0 |a testy 
100 1 |a Hanák, Róbert, 1979-